000 00591nam a22001937a 4500
003 BD-DhJNU
005 20251119044556.0
008 251119b |||||||| |||| 00| 0 eng d
040 _aBD-DhJNU
_bENG
_cBD-DhJNU
_dBD-DhJNU
082 _223
_a940.27
100 _aErgang, Robert
245 _aEurope since waterloo /
_cRobert Ergang and Donald G. Rohr
260 _aIndia :
_bSurjeet Publications,
_c1987.
300 _axvii, 952 p. :
_bill. ;
_c22 cm.
504 _aincludes bibliographical reference and index
650 _aEurope-History
700 _aRohr, Donald G.
942 _2ddc
_cBK
_n0
999 _c2386
_d2386